Statystyki dla Kraje wchądzące do NATO

Kliknij tutaj aby rozwiązać quiz!

Ogólne statystyki

  • Ten quiz został rozwiązany 36 razy
  • Średni wynik to 29 z 32

Statystyki odpowiedzi

DołączenieKraje% Poprawnych
1999Czechy
100%
1949Francja
100%
1949Kanada
100%
2004Litwa
100%
1999Polska
100%
2004Słowacja
100%
2004Słowenia
100%
1949Stany Zjednoczone
100%
2024Szwecja
100%
2009Chorwacja
97%
1982Hiszpania
97%
2004Łotwa
97%
1955Niemcy
97%
1949Norwegia
97%
2004Rumunia
97%
2004Estonia
93%
1999Węgry
93%
1949Wielka Brytania
93%
1949Włochy
93%
2004Bułgaria
90%
2023Finlandia
90%
1949Luksemburg
90%
1949Portugalia
90%
1949Belgia
87%
1949Dania
87%
1952Grecja
87%
1949Islandia
87%
1952Turcja
87%
1949Holandia
83%
2009Albania
80%
2017Czarnogóra
73%
2020Macedonia Północna
63%

Rozkład punktacji

Percentyl według liczby udzielonych odpowiedzi

Procent ludzi z każdym wynikiem

Twoja historia wyników

Nie rozwiązałeś tego quizu